Zabezpečenie dane pri poskytovaní služieb

Zabezpečenie dane. Príjmy podliehajúce zabezpečeniu. Odvádzanie sumy na zabezpečenie dane. Zabezpečenie je jedným zo spôsobov výberu dane. Takto vybraná daň sa považuje za daňový preddavok.

Salvato in:
Dettagli Bibliografici
Autore principale: Sandtner, Lucia
Natura: Capitolo di libro
Lingua:slovacco
Soggetti:
Tags: Aggiungi Tag
Nessun Tag, puoi essere il primo ad aggiungerne!!

MARC

LEADER 00000naa a2200000 4500
001 0200745
005 20231114112420.3
041 0 |a slo 
044 |a SK 
245 1 0 |a Zabezpečenie dane pri poskytovaní služieb  |c Lucia Sandtner 
520 |a Zabezpečenie dane. Príjmy podliehajúce zabezpečeniu. Odvádzanie sumy na zabezpečenie dane. Zabezpečenie je jedným zo spôsobov výberu dane. Takto vybraná daň sa považuje za daňový preddavok. 
610 2 0 |a dane z príjmov 
610 2 0 |a dane 
610 2 0 |a povinnosť daňová 
610 2 0 |a preddavky 
100 1 |a Sandtner, Lucia